000 00298nam a22001337a 4500
008 170213b xxu||||| |||| 00| 0 eng d
020 _a0761474862
041 _aeng
080 _23RD
_a61
100 _a4
101 _aSHM
245 _aENCYCLOPEDIA OF FAMILY HEALTH
_cJACOBY, D.B
942 _2udc
_cBK
999 _c5219
_d5219